Sveriges regering (2025) - Statistics

General Stats
  • This quiz has been taken 23 times
    14 since last reset
  • The average score is 9 of 24
Answer Stats
Hint Answer % Correct
Statsminister Ulf Kristersson
100%
Energi- och närings­minister samt vice stats­minister Ebba Busch
78%
Utbildningsminister Johan Pehrson
67%
Justitieminister Gunnar Strömmer
56%
Klimat- och miljöminister Romina Pourmokhtari
56%
Minister för civilt försvar Carl-Oskar Bohlin
44%
Finansminister Elisabeth Svantesson
44%
Migrationsminister Johan Forsell
44%
Bistånds- och utrikeshandels­minister Benjamin Dousa
33%
EU-minister Jessica Rosencrantz
33%
Skolminister Lotta Edholm
33%
Utrikesminister Maria Malmer Stenergard
33%
Arbetsmarknads- och integrationsminister Mats Persson
33%
Försvarsminister Pål Jonson
33%
Kulturminister Parisa Liljestrand
33%
Sjukvårdsminister Acko Ankarberg Johansson
22%
Äldre- och socialförsäkrings­minister Anna Tenje
22%
Civilminister Erik Slottner
22%
Socialminister Jakob Forssmed
22%
Infrastruktur- och bostads­minister Andreas Carlson
11%
Socialtjänstminister Camilla Waltersson Grönvall
11%
Finansmarknads­minister Niklas Wykman
11%
Jämställdhets- och biträdande arbetsmarknadsminister Paulina Brandberg
11%
Landsbygdsminister Peter Kullgren
11%
No matching quizzes found
Score Distribution
Percent of People with Each Score
Percentile by Number Answered
Your Score History
You have not taken this quiz since the last reset